| 000 | 00822cam a22002891 4500 | ||
|---|---|---|---|
| 001 | 8952201 | ||
| 003 | ARRUPE | ||
| 005 | 20170119144255.0 | ||
| 008 | 840504s1966 au a b 000 0 ger | ||
| 010 | _a 67078596 | ||
| 015 | _aAu67-1/2-188 | ||
| 035 | _a(OCoLC)10693391 | ||
| 040 |
_aDLC _cInU _dInU _dDLC |
||
| 042 | _apremarc | ||
| 043 | _ae-au--- | ||
| 050 | 0 | 0 | _aGR159.A8W6 |
| 082 | _a398.2/09436/13 | ||
| 100 | 1 |
_aGareis, Bilder von Fritz (ed.) _928205 |
|
| 245 | 1 | 0 |
_aWiener Sagen. _cedited by Gareis, Bilder von Fritz |
| 250 | _a2. Aufl.) | ||
| 260 |
_aWien, _bVerlag für Jugend und Volk _c1947 |
||
| 300 |
_a71p.; _c19cm. |
||
| 650 | 0 |
_aTales _zAustria _zVienna. _928206 |
|
| 700 |
_aSagen, Wiener _eed. _928207 |
||
| 906 |
_a7 _bcbc _coclcrpl _du _encip _f19 _gy-gencatlg |
||
| 942 |
_2lcc _cMONOGRAPH |
||
| 999 |
_c125922 _d125922 |
||